Proceedings of the first Asian congress of nutrition (Record no. 413599)

000 -LEADER
fixed length control field 00606cam a22001817a 4500
008 - FIXED-LENGTH DATA ELEMENTS--GENERAL INFORMATION
fixed length control field 180718b1972 xxu||||| |||| 00| 0 eng d
082 ## - DEWEY DECIMAL CLASSIFICATION NUMBER
Classification number O96 N213 71
100 ## - MAIN ENTRY--PERSONAL NAME
Personal name Tulpule,P.G.
245 ## - TITLE STATEMENT
Title Proceedings of the first Asian congress of nutrition
Statement of responsibility, etc. Edited by P.G. Tulpule and Kamala S. Jaya Rao
260 ## - PUBLICATION, DISTRIBUTION, ETC.
Place of publication, distribution, etc. Hyderabad
Name of publisher, distributor, etc. Nutrition society of India
Date of publication, distribution, etc. 1972
300 ## - PHYSICAL DESCRIPTION
Extent 936p.
650 ## - SUBJECT ADDED ENTRY--TOPICAL TERM
Topical term or geographic name entry element Nutrition -- Congresses
650 ## - SUBJECT ADDED ENTRY--TOPICAL TERM
Topical term or geographic name entry element Biochemistry -- Congresses
650 ## - SUBJECT ADDED ENTRY--TOPICAL TERM
Topical term or geographic name entry element Biochemistry -- Congresses
650 ## - SUBJECT ADDED ENTRY--TOPICAL TERM
Topical term or geographic name entry element Nutrition -- Congresses
650 ## - SUBJECT ADDED ENTRY--TOPICAL TERM
Topical term or geographic name entry element Metabolism -- Congresses
700 ## - ADDED ENTRY--PERSONAL NAME
Personal name Rao,Kamala S. Jaya
Holdings
Withdrawn status Lost status Damaged status Not for loan Permanent Location Current Location Date acquired Full call number Barcode Date last seen Price effective from Koha item type
        Indian Institute of Public Administration Indian Institute of Public Administration 2009-02-17 O96 N213 71 U238 2018-07-21 2018-07-21 U

Powered by Koha